000 00564nam a22002057a 4500
003 OSt
005 20160822181139.0
008 160822b xxu||||| |||| 00| 0 eng d
020 _a3540432825
020 _a03029743
040 _cDDC.
082 _a005.1AGE 2002.
100 _aWooldridge,J.Michael;[et....al]
_910863
245 _aAgent-Oriented software Engineering II.
260 _aUK.
_bspringer.
_c2002.
300 _ax,317p;
_bill;
_c24cm.
504 _areferences and index are included.
650 _aSoftware Engineering.
_9565
942 _2ddc
_cO_SHELF
999 _c5065
_d5065